| 000 | 00430nam a22001457a 4500 | ||
|---|---|---|---|
| 005 | 20241017133825.0 | ||
| 008 | 241017b |||||||| |||| 00| 0 eng d | ||
| 020 | _a9780415549622 | ||
| 050 |
_aPL8010 _bE63 ENC |
||
| 245 |
_aThe Routledge Encyclopedia of African Literature _cedited by Simon Gikandi |
||
| 260 |
_aLondon _bRoutledge Taylor and Francis Group _c2002 |
||
| 300 | _axv, 588 | ||
| 500 | _aIncludes index | ||
| 942 |
_2lcc _cBK _n0 |
||
| 999 |
_c44 _d44 |
||